Ekologická likvidácia odpadov a jej vplyv na hospodárenie v podniku diplomová práca

Saved in:
Bibliographic Details
Main Author: Šestáková, Martina
Corporate Author: Fakulta podnikového manažmentu EU. Katedra manažmentu výroby a logistiky - zrušená
Other Authors: Vybíralová, Júlia
Format: Book
Language:Slovak
Published: Bratislava 2011
Tags: Add Tag
No Tags, Be the first to tag this record!

MARC

LEADER 00000nbm a2200000 4500
001 0131584
005 20161109101716.6
041 0 |a slo 
044 |a SK 
245 1 0 |a Ekologická likvidácia odpadov a jej vplyv na hospodárenie v podniku  |b diplomová práca  |c Martina Šestáková ; školiteľ: Júlia Vybíralová 
264 1 |a Bratislava  |c 2011 
300 |a 75 s. 
100 1 |a Šestáková, Martina 
700 1 |a Vybíralová, Júlia 
710 2 |a Fakulta podnikového manažmentu EU. Katedra manažmentu výroby a logistiky - zrušená